00453 2200169 4500001002100000008004100021035002000062245006900082100001900151260002400170300002000194020002200214084001400236082000800250650001000258990001500268INLIS000000000003241 ind  a0010-1225000062 aVera Wong: Nasihat-Nasihat Untuk Para PembunuhcJesse Q. Sutanto aSutanto, Jesse aJakarta :bGramedia a384c13,5x20 cm a978-602-06-8101-6 a813 SUT v a813 aFiksi a19716/B/26